[Event "ICS rated standard match"]
[Site "204.178.125.65"]
[Date "2000.07.05"]
[Round "?"]
[White "Tinker"]
[Black "Hossa"]
[Result "1/2-1/2"]
[WhiteElo "2285"]
[BlackElo "2270"]
[PlyCount "135"]
[EventDate "2000.??.??"]

1. e4 e5 2. Nf3 Nf6 3. Nc3 Bb4 4. Bd3 O-O 5. O-O d6 6. a3 Bxc3 7. dxc3 Nc6 8.
Qe2 a6 9. Be3 Qe7 10. c4 Bd7 11. Rfd1 b6 12. h3 a5 13. Qf1 Nd8 14. c3 Bc6 15.
Nd2 Ne6 16. b4 Ba4 17. Re1 Ra7 18. Ra2 Rfa8 19. Rea1 Rb7 20. Qe2 Rd8 21. Rb2
Ra7 22. Nb3 Bxb3 23. Rxb3 axb4 24. cxb4 Nd4 25. Bxd4 exd4 26. f4 Raa8 27. Rbb1
Re8 28. Re1 c5 29. bxc5 bxc5 30. a4 Qc7 31. Qf2 Ra6 32. Bc2 Rb6 33. Ra2 Rb4 34.
Bd3 Rb3 35. Qd2 Qb8 36. a5 Nh5 37. Bc2 Rb4 38. g4 Nf6 39. g5 Nd7 40. Qd3 Nf8
41. Qf1 Ne6 42. a6 Re7 43. h4 Ra7 44. f5 Nc7 45. Rea1 Rb6 46. Bd3 Rbxa6 47.
Rxa6 Nxa6 48. Qg2 Qb3 49. Qd2 Qb7 50. Kg2 Qc8 51. h5 Qe8 52. Ra5 Qe7 53. Qf4 f6
54. g6 h6 55. Bc2 Qd8 56. Ra3 Qb6 57. Qh2 Ra8 58. Kh3 Qb2 59. Rb3 Qc1 60. Qxd6
Nb4 61. Rxb4 Qe3+ 62. Kg2 Qg5+ 63. Kf2 Qh4+ 64. Kg2 Qg4+ 65. Kf2 Qh4+ 66. Kg2
Qg4+ 67. Kf2 Qh4+ 68. Kg2 1/2-1/2

[Event "ICS rated blitz match"]
[Site "204.178.125.65"]
[Date "2000.07.05"]
[Round "?"]
[White "PostModernist"]
[Black "Hossa"]
[Result "1-0"]
[WhiteElo "2581"]
[BlackElo "2482"]
[PlyCount "151"]
[EventDate "2000.??.??"]

1. d4 Nf6 2. c4 g6 3. Nc3 Bg7 4. e4 d6 5. Be2 O-O 6. Bg5 c5 7. d5 Na6 8. Nf3
Nc7 9. Qd2 e6 10. O-O exd5 11. exd5 b5 12. cxb5 Bf5 13. Rfe1 Rb8 14. Rac1 Re8
15. Bc4 Rxe1+ 16. Rxe1 Qf8 17. Qf4 Nh5 18. Qh4 Qc8 19. h3 a6 20. bxa6 h6 21.
Be7 Rxb2 22. Nd1 Rb4 23. Ne3 Bd3 24. Bxd6 Nxa6 25. Ne5 Bf6 26. Qg4 Qxg4 27.
hxg4 Bxc4 28. N5xc4 Ng7 29. a3 Rb3 30. Bf4 g5 31. Bg3 Bc3 32. Rd1 Bd4 33. d6
Nb8 34. Nd5 Nd7 35. Bh2 Ne8 36. a4 Nef6 37. Nxf6+ Bxf6 38. a5 Rb4 39. Rc1 Bc3
40. Nb6 Nxb6 41. axb6 Rxb6 42. d7 Bf6 43. Bc7 Rc6 44. d8=Q+ Bxd8 45. Bxd8 Kg7
46. Rc4 Kf8 47. f3 Ke8 48. Ba5 Kd7 49. Bd2 Kd6 50. Rc1 Kd5 51. Rd1 Kc4 52. Be3
Kb4 53. Rd7 c4 54. Rxf7 c3 55. Bc1 Ra6 56. Rb7+ Kc4 57. Re7 Ra1 58. Re1 Kb3 59.
Kf1 Rxc1 60. Rxc1 Kb2 61. Re1 Kb3 62. g3 Kc4 63. f4 Kd5 64. Ke2 Kd4 65. Kd1
gxf4 66. gxf4 Kd5 67. f5 Kc5 68. f6 Kd4 69. f7 Kd3 70. f8=Q c2+ 71. Kc1 Kc4 72.
Qf5 Kb3 73. Qb5+ Kc3 74. Re3+ Kd4 75. Rd3+ Ke4 76. Qf5# {Hossa checkmated} 1-0

[Event "ICS rated blitz match"]
[Site "204.178.125.65"]
[Date "2000.07.05"]
[Round "?"]
[White "Hossa"]
[Black "Sjeng"]
[Result "1/2-1/2"]
[WhiteElo "2470"]
[BlackElo "2427"]
[PlyCount "197"]
[EventDate "2000.??.??"]

1. d4 Nf6 2. c4 e6 3. Nf3 b6 4. g3 Ba6 5. Qa4 Bb7 6. Bg2 c5 7. dxc5 Bxc5 8. O-O
O-O 9. Nc3 Be7 10. Qc2 Nc6 11. Qd1 Rc8 12. Bf4 d6 13. Nb5 d5 14. Rc1 Nb4 15. a3
Nc6 16. cxd5 Nxd5 17. Ne5 Nxf4 18. gxf4 Nxe5 19. Qxd8 Rcxd8 20. Bxb7 Ng6 21. e3
Rd2 22. b4 Rfd8 23. Kg2 Rb8 24. Bc6 Ra2 25. Ra1 Rxa1 26. Rxa1 a6 27. Na7 a5 28.
Rb1 axb4 29. axb4 e5 30. fxe5 Nxe5 31. Bb5 Rd8 32. f4 Ra8 33. Nc6 Ra2+ 34. Kg3
Nxc6 35. Bxc6 Ra3 36. Kf3 Ra2 37. h3 Rd2 38. Bb5 g6 39. Kg3 f5 40. h4 Kg7 41.
Bf1 Kh6 42. Kh3 Kh5 43. Re1 Bxb4 44. Bb5 Rh2+ 45. Kxh2 Bxe1 46. Kh3 Bf2 47.
Be2+ Kh6 48. Bc4 Bxe3 49. Kg3 Kg7 50. Bb5 Bd2 51. Bc4 Kf6 52. Bb5 Kf7 53. Bc4+
Kf6 54. Bb5 Ke7 55. Bc4 Be1+ 56. Kh3 Bd2 57. Kg3 Kf6 58. Bb5 h6 59. Bc6 g5 60.
hxg5+ hxg5 61. fxg5+ Bxg5 62. Kf3 Ke5 63. Bb5 f4 64. Ke2 Bh6 65. Bc6 Bf8 66.
Kd3 Kd6 67. Bf3 Kc5 68. Kc3 b5 69. Kd3 b4 70. Bh5 Kd5 71. Bf3+ Ke5 72. Kc4 Kf5
73. Kd3 Be7 74. Bd1 Ke5 75. Bg4 Bd6 76. Bf3 Bc5 77. Kc4 Bf8 78. Kd3 Bc5 79. Kc4
Kd6 80. Be4 Ke5 81. Bf3 Bd6 82. Kd3 Bf8 83. Kc4 Kf5 84. Kd3 Bc5 85. Bd1 Ke5 86.
Bf3 Bf2 87. Kc4 Be1 88. Bc6 Kd6 89. Bg2 Bd2 90. Kd3 Bc3 91. Bf3 Ke5 92. Be2 Be1
93. Bd1 Bh4 94. Kc4 Be1 95. Kd3 Kf5 96. Ke2 Bg3 97. Kd3 Ke5 98. Kc4 Be1 99. Kd3
1/2-1/2

[Event "ICS rated blitz match"]
[Site "204.178.125.65"]
[Date "2000.07.05"]
[Round "?"]
[White "Nekhamkin"]
[Black "Hossa"]
[Result "0-1"]
[WhiteElo "2276"]
[BlackElo "2468"]
[PlyCount "118"]
[EventDate "2000.??.??"]

1. e4 e5 2. Nf3 Nf6 3. Nxe5 d6 4. Nf3 Nxe4 5. d3 Nf6 6. d4 d5 7. Bg5 Be7 8. Bd3
O-O 9. O-O Nc6 10. c3 Ne4 11. Bxe7 Qxe7 12. h3 Bf5 13. Re1 Rfe8 14. Nbd2 Qf6
15. Bxe4 dxe4 16. Nh2 Qg5 17. Kh1 e3 18. fxe3 Rxe3 19. Nhf3 Qf4 20. Rxe3 Qxe3
21. Nc4 Qe4 22. Qb3 Bxh3 23. Qxb7 Rb8 24. Qxc7 Qe2 25. Qg3 Bxg2+ 26. Qxg2 Qxc4
27. a3 g6 28. Re1 Qd5 29. Re2 Qh5+ 30. Kg1 a6 31. Qh2 Qxf3 32. Qg2 Qxg2+ 33.
Kxg2 h6 34. d5 Na5 35. Kf3 Nc4 36. b4 Rd8 37. Ke4 Re8+ 38. Kd3 Rxe2 39. Kxe2 f6
40. Kd3 Nxa3 41. c4 Kf7 42. c5 Ke8 43. Ke4 Nc2 44. Kd3 Nxb4+ 45. Ke3 Nxd5+ 46.
Kd4 Ne7 47. Ke4 a5 48. Kd3 a4 49. Kc4 Kd8 50. Kb4 h5 51. Kxa4 h4 52. Kb3 h3 53.
Kc4 h2 54. Kd3 Kc7 55. Ke4 h1=Q+ 56. Kf4 Kc6 57. Ke3 Nf5+ 58. Kf4 Qh3 59. Ke4
Qe3# 0-1

[Event "ICS rated blitz match"]
[Site "204.178.125.65"]
[Date "2000.07.05"]
[Round "?"]
[White "Hossa"]
[Black "Nekhamkin"]
[Result "1-0"]
[WhiteElo "2476"]
[BlackElo "2268"]
[PlyCount "47"]
[EventDate "2000.??.??"]

1. e4 e6 2. d4 d5 3. e5 c5 4. Nf3 b6 5. Bb5+ Bd7 6. Be2 Nc6 7. c3 Nge7 8. O-O
cxd4 9. cxd4 Nf5 10. Nc3 Be7 11. Bd3 Nfxd4 12. Nxd4 Nxd4 13. Qg4 Nc6 14. Qxg7
Rf8 15. Bh6 Qc7 16. Qxh7 Nxe5 17. Bxf8 Bxf8 18. Rac1 a6 19. Nxd5 Qd6 20. Nc7+
Ke7 21. Nxa8 Qxd3 22. Qxd3 Nxd3 23. Rc7 Bg7 24. Nxb6 {Nekhamkin resigns} 1-0

[Event "ICS rated blitz match"]
[Site "204.178.125.65"]
[Date "2000.07.05"]
[Round "?"]
[White "salzi"]
[Black "Hossa"]
[Result "0-1"]
[WhiteElo "1912"]
[BlackElo "2483"]
[PlyCount "52"]
[EventDate "2000.??.??"]

1. d4 Nf6 2. c4 e6 3. Nc3 Bb4 4. e3 c5 5. Bd3 Bxc3+ 6. bxc3 Nc6 7. Nf3 d6 8.
O-O O-O 9. e4 cxd4 10. cxd4 e5 11. Bb2 Bg4 12. d5 Nd4 13. Bxd4 exd4 14. h3 Bxf3
15. Qxf3 Qc7 16. Rfc1 Nd7 17. Qe2 Rab8 18. f3 Rfe8 19. Qc2 Ne5 20. Rd1 Rbc8 21.
Rac1 Qc5 22. Qb3 b6 23. Kh1 b5 24. cxb5 Qxc1 25. Rxc1 Rxc1+ 26. Kh2 Rc3 {
salzi resigns} 0-1

[Event "ICS rated blitz match"]
[Site "204.178.125.65"]
[Date "2000.07.05"]
[Round "?"]
[White "Hossa"]
[Black "salzi"]
[Result "1-0"]
[WhiteElo "2484"]
[BlackElo "1911"]
[PlyCount "35"]
[EventDate "2000.??.??"]

1. e4 c5 2. Nf3 d6 3. c3 e5 4. d4 Qc7 5. dxe5 dxe5 6. Na3 a6 7. Bc4 h6 8. O-O
Nf6 9. Nc2 b5 10. Bd5 Nxd5 11. exd5 Bd6 12. Qe2 O-O 13. Rd1 Bg4 14. Ne3 Bh5 15.
Nf1 Nd7 16. Ng3 Bxf3 17. Qxf3 Nf6 18. Bxh6 {salzi resigns} 1-0

[Event "ICS rated blitz match"]
[Site "204.178.125.65"]
[Date "2000.07.05"]
[Round "?"]
[White "Hossa"]
[Black "Tinker"]
[Result "1-0"]
[WhiteElo "2485"]
[BlackElo "2539"]
[PlyCount "103"]
[EventDate "2000.??.??"]

1. e4 e5 2. Nf3 Nf6 3. Nxe5 Qe7 4. Nf3 Qxe4+ 5. Be2 Bb4 6. a3 Be7 7. O-O O-O 8.
Nc3 Qg4 9. d4 d5 10. Re1 Nc6 11. Ne5 Qe6 12. Bb5 Nxe5 13. dxe5 Ng4 14. h3 Nxe5
15. Bf4 Bd6 16. Qxd5 Qxd5 17. Nxd5 f6 18. Bxe5 fxe5 19. Bc4 Be6 20. Nb6 Rae8
21. Bxe6+ Rxe6 22. Na4 Ref6 23. f3 c6 24. Nc3 Rf5 25. Ne4 Bc7 26. Rad1 b5 27.
Kf2 Bb6+ 28. Kg3 Rd8 29. Rxd8+ Bxd8 30. Rd1 Bc7 31. Rd3 Rh5 32. Rd7 Bb6 33. Rd6
Rh6 34. Rxh6 gxh6 35. Kg4 Bd4 36. c3 Be3 37. Kf5 Bc1 38. b4 Kf7 39. Kxe5 Ke7
40. f4 Bxa3 41. f5 a6 42. f6+ Kf7 43. h4 Bc1 44. Kd6 Bf4+ 45. Kxc6 Be5 46. Kb7
Bxf6 47. Nxf6 Kxf6 48. Kxa6 Ke6 49. Kxb5 h5 50. Kc6 Kf5 51. b5 Kg4 52. b6 {
Tinker resigns} 1-0

[Event "ICS rated blitz match"]
[Site "204.178.125.65"]
[Date "2000.07.05"]
[Round "?"]
[White "Tinker"]
[Black "Hossa"]
[Result "1/2-1/2"]
[WhiteElo "2521"]
[BlackElo "2503"]
[PlyCount "116"]
[EventDate "2000.??.??"]

1. e4 e5 2. Nf3 Nf6 3. Nc3 Bb4 4. Bc4 d6 5. Qe2 O-O 6. O-O c6 7. d3 d5 8. exd5
cxd5 9. Bb3 Bxc3 10. bxc3 e4 11. Nd4 Qc7 12. Ba3 Ng4 13. g3 Qxc3 14. Nb5 Qc6
15. dxe4 Rd8 16. exd5 Qh6 17. h4 Qb6 18. Nd6 Nh6 19. Qe7 Bd7 20. Bc5 Qc7 21.
Nxf7 Nxf7 22. Qxf7+ Kxf7 23. d6+ Be6 24. dxc7 Rc8 25. cxb8=Q Rcxb8 26. Rae1
Bxb3 27. cxb3 b6 28. Re7+ Kf6 29. Ba3 Re8 30. Rfe1 Rxe7 31. Rxe7 h5 32. Rb7 g6
33. Bd6 Ke6 34. Bb8 b5 35. Bxa7 b4 36. Be3 Rxa2 37. Rxb4 Rb2 38. Rb6+ Kf7 39.
b4 Rb3 40. b5 Rb4 41. Rb7+ Ke6 42. b6 Kf5 43. Rc7 Kg4 44. Kg2 Kf5 45. b7 Ke4
46. Rc4+ Rxc4 47. b8=Q Rc6 48. Qb1+ Ke5 49. Qb5+ Kd6 50. Bf4+ Kd7 51. Qb7+ Ke6
52. Qxc6+ Kf7 53. Qd5+ Kg7 54. Bg5 Kf8 55. Bh6+ Ke7 56. Bg5+ Kf8 57. Bh6+ Ke7
58. Bg5+ Kf8 1/2-1/2

[Event "ICS rated blitz match"]
[Site "204.178.125.65"]
[Date "2000.07.05"]
[Round "?"]
[White "Hossa"]
[Black "Sjeng"]
[Result "1-0"]
[WhiteElo "2517"]
[BlackElo "2429"]
[PlyCount "73"]
[EventDate "2000.??.??"]

1. e4 e6 2. d4 d5 3. e5 c5 4. Nf3 Nc6 5. Bb5 Qa5+ 6. Nc3 cxd4 7. Nxd4 Bb4 8.
Bd2 Nge7 9. a3 Bxc3 10. Bxc3 Qb6 11. Bb4 Ng6 12. O-O Ngxe5 13. Re1 Bd7 14. Nxc6
bxc6 15. Bf1 f6 16. Rxe5 fxe5 17. Qh5+ g6 18. Qxe5 Rg8 19. Re1 O-O-O 20. Bc5
Qb7 21. Re3 Be8 22. Rb3 Qxb3 23. cxb3 Kb7 24. Bxa7 Bd7 25. Bc5 Ra8 26. f3 g5
27. Bd3 g4 28. Bxh7 Rgd8 29. fxg4 Rh8 30. Bd3 Rac8 31. Qf4 Ra8 32. Qb4+ Kc8 33.
Qb6 Be8 34. Bd6 Ra7 35. Qxa7 Rh7 36. Qb8+ Kd7 37. Qc7# {Sjeng checkmated} 1-0

[Event "ICS rated blitz match"]
[Site "204.178.125.65"]
[Date "2000.07.05"]
[Round "?"]
[White "Tinker"]
[Black "Hossa"]
[Result "1-0"]
[WhiteElo "2504"]
[BlackElo "2545"]
[PlyCount "55"]
[EventDate "2000.??.??"]

1. e4 e5 2. Nf3 Nf6 3. Nc3 Bb4 4. Bc4 d6 5. Qe2 O-O 6. O-O c6 7. d4 exd4 8.
Nxd4 Bxc3 9. bxc3 Nbd7 10. Bd3 Nc5 11. Bg5 Qe7 12. Rfe1 Qe5 13. f4 Qe8 14. Bxf6
gxf6 15. Qh5 Qe7 16. Qh6 Bg4 17. e5 Nxd3 18. exf6 Qxf6 19. Qxf6 Nxe1 20. Rxe1
h5 21. Qg5+ Kh7 22. Nf5 Bxf5 23. Qxf5+ Kh6 24. Qg5+ Kh7 25. Qxh5+ Kg7 26. Qg5+
Kh7 27. Re3 Rab8 28. Rh3# {Hossa checkmated} 1-0

[Event "ICS rated blitz match"]
[Site "204.178.125.65"]
[Date "2000.07.05"]
[Round "?"]
[White "Tinker"]
[Black "Hossa"]
[Result "1/2-1/2"]
[WhiteElo "2523"]
[BlackElo "2527"]
[PlyCount "164"]
[EventDate "2000.??.??"]

1. e4 e5 2. Nf3 Nc6 3. Bb5 a6 4. Bxc6 dxc6 5. O-O Qd6 6. b3 Bg4 7. h3 Bxf3 8.
Qxf3 Qd4 9. c3 Qd7 10. Ba3 O-O-O 11. Bxf8 Rxf8 12. Qg3 f5 13. Qxe5 fxe4 14. Qc5
Qe7 15. Qa7 Nf6 16. Qa8+ Kd7 17. Qa7 c5 18. d4 exd3 19. Qxb7 Ra8 20. Qf3 Qe2
21. Rd1 Qxf3 22. gxf3 c4 23. bxc4 Nh5 24. Rxd3+ Kc6 25. Rd4 Raf8 26. Nd2 Nf4
27. Kh2 Ne2 28. Rd3 Nf4 29. Re3 Rf6 30. Rg1 Rh6 31. Rxg7 Rd8 32. Nf1 Rxh3+ 33.
Kg1 Rh6 34. Re4 Rf8 35. Nd2 Nh3+ 36. Kf1 Nf4 37. Rg1 Rh5 38. Nb3 Rh6 39. Re5
Kb6 40. c5+ Kc6 41. Nd4+ Kb7 42. c6+ Kb6 43. a4 Rh2 44. a5+ Ka7 45. Re7 Kb8 46.
c4 Rh5 47. Rgg7 Rh1+ 48. Rg1 Rh5 49. Nb3 Ng6 50. Re3 Nf4 51. Rg3 Rh1+ 52. Rg1
Rh5 53. c5 Rd8 54. Ke1 Rhd5 55. Kf1 Rh5 56. Re4 Rd1+ 57. Re1 Rd8 58. Rg7 Rh1+
59. Rg1 Rh5 60. Rb1 Kc8 61. Rc1 Rh6 62. Re1 Rxc6 63. Rg7 h6 64. Rge7 Rf6 65.
Re8 Rxe8 66. Rxe8+ Kd7 67. Ra8 Nd3 68. Ke2 Nf4+ 69. Kd2 Ke7 70. Nd4 Nd5 71. Rh8
Kd7 72. Rh7+ Ne7 73. Ke3 Ke8 74. Ke4 Rg6 75. f4 c6 76. Ke5 Rg1 77. Rxh6 Re1+
78. Kd6 Rd1 79. Ke5 Re1+ 80. Kd6 Rd1 81. Ke5 Re1+ 82. Kd6 Rd1 1/2-1/2

[Event "ICS rated blitz match"]
[Site "204.178.125.65"]
[Date "2000.07.05"]
[Round "?"]
[White "Hossa"]
[Black "QueenMaxima"]
[Result "1-0"]
[WhiteElo "2527"]
[BlackElo "2567"]
[PlyCount "117"]
[EventDate "2000.??.??"]

1. e4 e5 2. Nf3 Nc6 3. Bb5 a6 4. Bxc6 dxc6 5. O-O f6 6. d4 exd4 7. Nxd4 c5 8.
Nb3 Qxd1 9. Rxd1 Bg4 10. f3 Be6 11. Be3 b6 12. a4 Kf7 13. Bf4 Bd6 14. Bxd6 Rd8
15. a5 Rxd6 16. Rxd6 cxd6 17. axb6 Bxb3 18. cxb3 Ne7 19. Rxa6 Rb8 20. Nc3 Ke6
21. g4 g6 22. Kf2 f5 23. gxf5+ gxf5 24. Ke3 fxe4 25. Kxe4 Rb7 26. Ra7 Rb8 27.
f4 d5+ 28. Kf3 Nc6 29. Rxh7 Rxb6 30. Rh6+ Kd7 31. Rh5 Nd4+ 32. Ke3 Nc2+ 33. Kf2
Nb4 34. Nxd5 Nd3+ 35. Kf3 Rxb3 36. Ke4 Nf2+ 37. Kf5 Rxb2 38. Rh6 Re2 39. Nf6+
Kc7 40. h4 Rd2 41. h5 c4 42. Rh7+ Kc6 43. Rh8 Nd3 44. h6 Rh2 45. h7 c3 46. Rc8+
Kb7 47. Rxc3 Nxf4 48. Kxf4 Kb8 49. Kg5 Rxh7 50. Nxh7 Kb7 51. Nf6 Kb6 52. Kf5
Kb5 53. Nd5 Ka5 54. Ke6 Ka4 55. Kd7 Kb5 56. Kc7 Ka5 57. Kc6 Ka4 58. Rd3 Ka5 59.
Ra3# 1-0

[Event "ICS rated blitz match"]
[Site "204.178.125.65"]
[Date "2000.07.05"]
[Round "?"]
[White "QueenMaxima"]
[Black "Hossa"]
[Result "1/2-1/2"]
[WhiteElo "2549"]
[BlackElo "2545"]
[PlyCount "146"]
[EventDate "2000.??.??"]

1. e4 e5 2. Nf3 Nc6 3. Bb5 a6 4. Ba4 d6 5. O-O Nge7 6. d4 b5 7. Bb3 exd4 8. Na3
b4 9. Nb1 a5 10. Nxd4 Nxd4 11. Qxd4 a4 12. Bc4 h5 13. Qd2 h4 14. Qxb4 h3 15. g3
Bd7 16. Nd2 Nc6 17. Qc3 Na5 18. Rd1 Nxc4 19. Nxc4 Rb8 20. Be3 Be7 21. Ba7 Rc8
22. Bd4 f6 23. Qa5 Ra8 24. Qd5 Rb8 25. Ne3 g6 26. f3 Rb4 27. a3 Rb8 28. Kh1 Qc8
29. Qc4 c5 30. Bc3 Bb5 31. Qd5 Be2 32. e5 Qb7 33. Qxb7 Rxb7 34. exd6 Bxd1 35.
Rxd1 Bd8 36. Ng4 Kf7 37. d7 Rb6 38. Nf2 Rh6 39. Ne4 Rc6 40. Rd6 Rxd6 41. Nxd6+
Ke7 42. Ne4 Rh5 43. Nxf6 Rf5 44. Ne4 Kxd7 45. f4 Kc6 46. Nf2 Rh5 47. b3 axb3
48. cxb3 Rh7 49. Nd3 Rb7 50. b4 Ra7 51. Bb2 cxb4 52. axb4 Kb5 53. Ne5 Ra6 54.
Bc3 Be7 55. Kg1 Bxb4 56. Bxb4 Kxb4 57. Kf2 Ra2+ 58. Kf3 Rxh2 59. Kg4 Kc5 60.
Nxg6 Rh1 61. f5 Kb5 62. f6 h2 63. f7 Rf1 64. Nf4 h1=Q 65. f8=Q Qf3+ 66. Kf5
Qxg3 67. Qe8+ Ka5 68. Qd8+ Ka6 69. Qc8+ Kb6 70. Qd8+ Ka6 71. Qc8+ Kb6 72. Qd8+
Ka6 73. Qc8+ Kb6 1/2-1/2

[Event "ICS rated blitz match"]
[Site "204.178.125.65"]
[Date "2000.07.05"]
[Round "?"]
[White "Hossa"]
[Black "Sjeng"]
[Result "1-0"]
[WhiteElo "2545"]
[BlackElo "2416"]
[PlyCount "85"]
[EventDate "2000.??.??"]

1. e4 c5 2. Nf3 d6 3. c3 Nf6 4. Qc2 Qc7 5. Bb5+ Bd7 6. Bxd7+ Nbxd7 7. O-O d5 8.
exd5 Nxd5 9. Na3 c4 10. d4 cxd3 11. Qxd3 Qc6 12. Rd1 N5f6 13. Bf4 Qa4 14. c4
Nc5 15. Qe2 Rc8 16. Ne5 Nfd7 17. Nb5 Nxe5 18. Bxe5 Ne6 19. Qd2 Qxb5 20. cxb5
Rd8 21. Qe3 Ra8 22. Qf3 Rd8 23. Qxb7 Rxd1+ 24. Rxd1 f6 25. Bb8 Kf7 26. a4 g6
27. Qxa7 Ng7 28. a5 Nf5 29. Qc7 Kg7 30. a6 Nd6 31. Rxd6 Kh6 32. Re6 g5 33. a7
Kg7 34. a8=Q Kh6 35. b6 Rg8 36. Ba7 Rh8 37. b7 Bg7 38. Qxh8 Bxh8 39. b8=Q Bg7
40. Rxe7 Kh5 41. Qe8+ Kh6 42. Rxg7 g4 43. Be3# 1-0

[Event "ICS rated blitz match"]
[Site "204.178.125.65"]
[Date "2000.07.05"]
[Round "?"]
[White "Sjeng"]
[Black "Hossa"]
[Result "1-0"]
[WhiteElo "2406"]
[BlackElo "2555"]
[PlyCount "79"]
[EventDate "2000.??.??"]

1. e4 e5 2. Nf3 Nc6 3. Bb5 a6 4. Ba4 d6 5. c3 Bd7 6. O-O Nf6 7. d4 Be7 8. Re1
exd4 9. cxd4 O-O 10. Nbd2 d5 11. e5 Ng4 12. Bb3 Nb4 13. Nf1 Bb5 14. h3 Nxf2 15.
Kxf2 Nd3+ 16. Kg1 Nxe1 17. Qxe1 c5 18. Ne3 cxd4 19. Nxd4 Bc4 20. Nef5 Bc5 21.
Qg3 Bxd4+ 22. Nxd4 Qb6 23. Be3 Qc7 24. Nf5 f6 25. Bh6 fxe5 26. Bxg7 Qc5+ 27.
Ne3 Rfd8 28. Bf6+ Kf7 29. Bxd8 Rxd8 30. Qxe5 Rc8 31. Rc1 Qb6 32. Rc2 Kg6 33.
Rf2 Bd3 34. h4 Rc1+ 35. Kh2 Qxe3 36. Qf6+ Kh5 37. g4+ Kxg4 38. Rg2+ Kh5 39.
Rg5+ Qxg5 40. Qxg5# 1-0

[Event "ICS rated blitz match"]
[Site "204.178.125.65"]
[Date "2000.07.05"]
[Round "?"]
[White "Hossa"]
[Black "Tinker"]
[Result "0-1"]
[WhiteElo "2533"]
[BlackElo "2524"]
[PlyCount "114"]
[EventDate "2000.??.??"]

1. e4 e5 2. Nf3 Nf6 3. Nc3 Bb4 4. Bc4 Bxc3 5. bxc3 Nxe4 6. d3 Nd6 7. Bd5 c6 8.
Bb3 O-O 9. Ba3 Qf6 10. O-O Na6 11. Re1 c5 12. Nxe5 Nb5 13. Bc1 Nxc3 14. Qh5 d5
15. Bd2 c4 16. Bxc3 cxb3 17. axb3 Be6 18. Bd2 Qe7 19. d4 Nb4 20. Qd1 Nc6 21.
Nxc6 bxc6 22. Qh5 Rfe8 23. Re5 f6 24. Ree1 Qf7 25. Qf3 Rab8 26. Bf4 Rb7 27. Bd6
Kh8 28. Qd3 Bc8 29. Rxe8+ Qxe8 30. Bc5 a5 31. Qc3 Bf5 32. Re1 Qc8 33. Re2 Rb5
34. Qd2 Qg8 35. Qf4 Be4 36. Qc7 Qa8 37. Qd7 a4 38. b4 a3 39. c4 Rb8 40. Qc7 Bd3
41. Re1 Re8 42. Ra1 a2 43. cxd5 Re1+ 44. Rxe1 a1=Q 45. Qe7 cxd5 46. Bb6 Be4 47.
Rf1 Bd3 48. Re1 Bb5 49. Bd8 h6 50. Bb6 Qc3 51. Bd8 Qaa1 52. h3 Qcxe1+ 53. Qxe1
Qxe1+ 54. Kh2 Qxf2 55. Bxf6 Bf1 56. Bxg7+ Kxg7 57. Kh1 Qxg2# 0-1

[Event "ICS rated standard match"]
[Site "204.178.125.65"]
[Date "2000.07.05"]
[Round "?"]
[White "Hossa"]
[Black "Tinker"]
[Result "1-0"]
[WhiteElo "2271"]
[BlackElo "2288"]
[PlyCount "85"]
[EventDate "2000.??.??"]

1. e4 e5 2. Nf3 Nf6 3. Nxe5 Qe7 4. Nf3 Qxe4+ 5. Be2 Bb4 6. a3 Be7 7. O-O Qg4 8.
d4 d5 9. Re1 Nc6 10. Bb5 Bd7 11. Nc3 a6 12. h3 Qh5 13. Bxc6 bxc6 14. Re5 g5 15.
Qe2 Be6 16. Rxg5 Qh6 17. Rg8+ Nxg8 18. Bxh6 Nxh6 19. Ne5 Nf5 20. Nxc6 Rg8 21.
Qd3 h6 22. Re1 Rg7 23. Kh1 Rg6 24. Rxe6 fxe6 25. g4 Nh4 26. Nxe7 Kxe7 27. Qg3
Rf8 28. Qxh4+ Rgf6 29. Na4 a5 30. g5 hxg5 31. Qxg5 Kf7 32. Nc5 Rh8 33. Qg3 Rc8
34. Nd7 Rg8 35. Qxc7 Rf5 36. Ne5+ Kf8 37. Qxa5 Rh5 38. Qd8+ Kg7 39. Qe7+ Kh8
40. Qxe6 Rgg5 41. Nf7+ Kg7 42. Nxg5 Rxg5 43. h4 {Droht Matt: hxg5} 1-0

[Event "ICS rated standard match"]
[Site "204.178.125.65"]
[Date "2000.07.05"]
[Round "?"]
[White "Hossa"]
[Black "QueenMaxima"]
[Result "0-1"]
[WhiteElo "2288"]
[BlackElo "2414"]
[PlyCount "125"]
[EventDate "2000.??.??"]

1. e4 e5 2. Nf3 Nc6 3. Bb5 a6 4. Ba4 Nf6 5. O-O Be7 6. Re1 b5 7. Bb3 d6 8. c3
O-O 9. h3 Na5 10. Bc2 c5 11. d4 Qc7 12. Na3 cxd4 13. cxd4 b4 14. Nb1 Bb7 15.
Bd3 exd4 16. Nxd4 d5 17. exd5 Bc5 18. Nf5 Bxd5 19. Bg5 Qc6 20. Qc1 Rfe8 21. Nd2
Bxg2 22. Bxf6 gxf6 23. Nh6+ Kg7 24. Nf5+ Kh8 25. Nh6 Rxe1+ 26. Qxe1 Re8 27. Qd1
Bxh3 28. Qf3 Qxf3 29. Nxf3 Kg7 30. Bf5 Kxh6 31. Bxh3 Re2 32. Rf1 Rxb2 33. Bc8
Rxa2 34. Bxa6 Kg7 35. Nh4 Nc6 36. Nf5+ Kf8 37. Bb7 Ne5 38. Ne3 h5 39. Nd1 Rd2
40. Kg2 b3 41. Be4 b2 42. Bb1 Nc4 43. Kg3 h4+ 44. Kxh4 Rd4+ 45. Kg3 Nd2 46. Rh1
Nxb1 47. Nxb2 Nc3 48. Rh8+ Ke7 49. Rc8 Ne4+ 50. Kf3 f5 51. Rc7+ Kd8 52. Rxc5
Nxc5 53. Ke3 Rb4 54. Nd1 f4+ 55. Kd2 Ra4 56. f3 Ra3 57. Nc3 Ne6 58. Kd3 Ng5 59.
Kc4 Ra5 60. Kd4 f5 61. Kc4 Nxf3 62. Kb4 Re5 63. Nd1 0-1

[Event "ICS rated blitz match"]
[Site "204.178.125.65"]
[Date "2000.07.05"]
[Round "?"]
[White "QueenMaxima"]
[Black "Hossa"]
[Result "0-1"]
[WhiteElo "2549"]
[BlackElo "2517"]
[PlyCount "142"]
[EventDate "2000.??.??"]

1. e4 e5 2. Nf3 Nf6 3. Nc3 Bb4 4. Bc4 Bxc3 5. dxc3 d6 6. O-O O-O 7. Re1 Nc6 8.
Bg5 Be6 9. Bd5 Bxd5 10. exd5 Nb8 11. c4 Nbd7 12. Nd2 Qe7 13. Ne4 a5 14. Qd3
Rfe8 15. Re3 h6 16. Bh4 g5 17. Bg3 Nxe4 18. Qxe4 Rf8 19. Qf5 Nc5 20. Rae1 Kg7
21. Qh3 f5 22. f4 e4 23. Rf1 Kg6 24. Be1 Qf7 25. Bc3 c6 26. Rg3 g4 27. Rd1 Qe7
28. Bd4 Nd7 29. dxc6 bxc6 30. Kh1 h5 31. c5 d5 32. Be3 Rg8 33. c4 Kh6 34. Rxg4
Rxg4 35. cxd5 cxd5 36. Rxd5 Qf7 37. Rd6+ Rg6 38. Qh4 Rxd6 39. Qg5+ Kh7 40. cxd6
Rg8 41. Qh4 Kh6 42. Qe1 Qxa2 43. Qc3 Qb1+ 44. Bc1 Qd3 45. Qxd3 exd3 46. Kg1 Re8
47. Bd2 Re2 48. Bxa5 d2 49. Bxd2 Rxd2 50. b4 Rxd6 51. b5 Rb6 52. Kf1 Rxb5 53.
Ke2 Rb2+ 54. Kf3 Nf6 55. h3 Ng4 56. hxg4 fxg4+ 57. Kg3 Rxg2+ 58. Kxg2 Kg6 59.
Kf2 h4 60. Ke2 Kf5 61. Ke3 h3 62. Kf2 Kxf4 63. Kg1 g3 64. Kf1 g2+ 65. Ke2 h2
66. Kd3 Ke5 67. Kc4 h1=R 68. Kb4 Rb1+ 69. Kc5 g1=R 70. Kc6 Rg7 71. Kc5 Rc7# 0-1

[Event "ICS rated blitz match"]
[Site "204.178.125.65"]
[Date "2000.07.05"]
[Round "?"]
[White "Hossa"]
[Black "QueenMaxima"]
[Result "1-0"]
[WhiteElo "2534"]
[BlackElo "2532"]
[PlyCount "161"]
[EventDate "2000.??.??"]

1. e4 e5 2. Nf3 Nc6 3. Bb5 a6 4. Ba4 Nf6 5. O-O Be7 6. Re1 b5 7. Bb3 d6 8. c3
O-O 9. d4 Bg4 10. d5 Na5 11. Bc2 c6 12. a4 Qd7 13. Na3 Rfe8 14. axb5 axb5 15.
h3 Bh5 16. dxc6 Qxc6 17. Bg5 h6 18. Be3 Rec8 19. Qe2 Nc4 20. Nxc4 bxc4 21. Rxa8
Rxa8 22. g4 Bg6 23. Bd2 Bd8 24. Bc1 Nd7 25. Rd1 Ra2 26. Nd2 Nb6 27. Nf3 Be7 28.
Kf1 Na4 29. Re1 Bd8 30. Qd2 Qc5 31. Rd1 Bb6 32. Re1 Bh7 33. g5 hxg5 34. Nxg5
Bg6 35. h4 Qc6 36. f4 Qc5 37. Qh2 f6 38. f5 fxg5 39. fxg6 g4 40. Bxa4 Rxa4 41.
Be3 Qc7 42. Bxb6 Qxb6 43. Qe2 Qc6 44. Qxg4 Qe8 45. Qh5 Ra2 46. Qh7+ Kf8 47. Re2
Ra1+ 48. Kg2 Qe6 49. Qh8+ Ke7 50. Qxg7+ Ke8 51. Qh8+ Kd7 52. Qh5 Kc6 53. Qf5
Qe7 54. Rd2 Ra8 55. h5 Rf8 56. Qg4 Qf6 57. Kh3 Qf1+ 58. Qg2 Rf3+ 59. Kh2 Qe1
60. Rxd6+ Kxd6 61. Qxf3 Qh4+ 62. Kg2 Qg5+ 63. Kh3 Kc7 64. Qf7+ Kd6 65. g7 Qe3+
66. Kg4 Qxe4+ 67. Kg5 Qe3+ 68. Kg6 Qe4+ 69. Qf5 Qg2+ 70. Kf6 Qd5 71. h6 Qd2 72.
h7 Qh6+ 73. Kf7 Qh4 74. Qe6+ Kc7 75. Qxe5+ Kc6 76. g8=Q Qf2+ 77. Ke6 Qe1 78.
Qc8+ Kb6 79. Qxe1 Kb5 80. Qb7+ Ka4 81. Qa1# 1-0